Religion and culture in the development of Human Rights in Sri Lanka (Record no. 2394)

MARC details
000 -LEADER
fixed length control field 005420000a22001570004500
005 - DATE AND TIME OF LATEST TRANSACTION
control field 20240212223254.0
008 - FIXED-LENGTH DATA ELEMENTS--GENERAL INFORMATION
fixed length control field 230817t1982 ||||| |||| 00| 0 eng d
082 ## - DEWEY DECIMAL CLASSIFICATION NUMBER
Classification number 323.095
Item number REL
942 ## - ADDED ENTRY ELEMENTS (KOHA)
Item Type Reports
245 ## - TITLE STATEMENT
Title Religion and culture in the development of Human Rights in Sri Lanka
260 ## - PUBLICATION, DISTRIBUTION, ETC. (IMPRINT)
Place of Publication Colombo :
Name of Publisher Sri Lanka Foundation Institute,
Date of Copyright 1982
300 ## - PHYSICAL DESCRIPTION
Extent xii, 163 p., [5] leaves of plates : ill. ; 23 cm.
490 ## - SERIES STATEMENT
Series statement SLF Monograph series
Volume number/sequential designation 4
650 ## - SUBJECT ADDED ENTRY--TOPICAL TERM
Topical Term HUMAN RIGHTS-Sri Lanka
650 ## - SUBJECT ADDED ENTRY--TOPICAL TERM
Topical Term Human rights -- Religious aspects -- Congresses
Holdings
Withdrawn status Lost status Source of classification or shelving scheme Damaged status Not for loan Permanent location Current location Date acquired Total Checkouts Full call number Barcode Date last seen Price effective from Koha item type
    Dewey Decimal Classification     Resource center, Muslim Women's Research And Action Forum Resource center, Muslim Women's Research And Action Forum 2023-08-17   323.095 REL RAF564 2023-08-17 2023-08-17 Reports
          Resource center, Muslim Women's Research And Action Forum Resource center, Muslim Women's Research And Action Forum 2024-02-12   323.095 REL RAF3680 2024-02-12 2024-02-12 Reports
    Dewey Decimal Classification     Resource center, Muslim Women's Research And Action Forum Resource center, Muslim Women's Research And Action Forum 2024-02-12   323.095 REL RAF5021 2024-02-12 2024-02-12 Reports

Copyright © 2023 Muslim Women's Research and Action Forum (MWRAF), No 27/3, Anderson Road, Kalubowila, Dehiwela. Funded by The Asia Fundation